| 000 | 00744nam a2200217Ia 4500 | ||
|---|---|---|---|
| 003 | GCL | ||
| 008 | 140319s9999 xx 000 0 ara d | ||
| 040 |
_aGCL / _cGCL |
||
| 082 | 0 | 4 |
_a301.243 _bم ب |
| 100 | 1 | _aمحمد عبده محجوب | |
| 245 | 1 | 0 |
_aالبترول والسكان والتغير الاجتماعى : دراسة انثروبولوجية / _cمحمد عبده محجوب |
| 300 | _a515 ص | ||
| 490 |
_aالسلسلة السوسيوانثيرويولوجية _v0 |
||
| 650 | 0 | 4 | _aالكويت |
| 650 | 0 | 4 | _aالبترول |
| 650 | 0 | 4 | _aالتغير الاجتماعى |
| 650 | 0 | 4 | _aالتطور الاجتماعى |
| 650 | 0 | 4 | _aالاجتماع، علم |
| 650 | 0 | 4 | _aالانثروبولوجيا |
| 942 |
_2ddc _cBK |
||
| 999 |
_c45563 _d45563 |
||